000 01727nam a22003137a 4500
003 PE SENCICO BE
005 20260224211014.0
008 251113b |||||||| |||| 00| 0 eng d
020 _a978-9962-04-105-4
040 _aPE SENCICO BE
_cPE SENCICO BE
041 _aspa
082 _a720.47
_bA81
100 1 _aAsensio, Óscar
_918
_eautor
245 1 _aCasas sustentables /
_cÓscar Asensio ; editor: MeriBlue Stefler ; redacción: Andrea Kormiusza
250 _a[1a ed.]
260 _a[China] :
_bLexus Editores,
_c2014
300 _a199 páginas :
_bIlustraciones, planos, textos ;
_c34 cm.
505 0 _aCas Dutchess -- casa Meme Meadows -- Casa Georgina -- Casa Leiester -- casa Libesskind -- Casa Zero -- Casa Skyline -- Casa kickinf Horse - Casa Mad Pard -- Casa Os -- Cas la muma -- Casa Shifman -- Casa Homb -- Casa Yn -- Casa Lirchplatz -- Casa Ricardo Pinto -- Casa Nighthawk
520 3 _aUna casa inteligentes es una vivienda con un diseño arquitectónico propio y una tecnología avanzada para que las personas que la habitan puedan vivir aún más cómodamente. Con el concepto de diseño arquitectónico se refiere a la creación de espacios y a la organización de la casa en un conjunto que permita llevar a cabo tanto actividades tradicionales como nuevas actividades basadas en las tecnologías de vanguardia.
650 1 0 _aArquitectura sostenible
_9449
650 2 0 _aArquitectura bioclimática
_9450
650 2 0 _aInstalaciones eléctricas
_9349
650 2 0 _aSistemas de control inteligente
_9451
650 2 0 _aSistemas de control digital
_9452
700 1 _aKormiusza, Andrea
_945
_eredactora
700 1 _aStefler, MeriBlue
_946
_eeditora
910 _ahfp
942 _2ddc
_cLIB
999 _c9765
_d9765